| 000 | 00751nam a2200193 a 4500 | ||
|---|---|---|---|
| 005 | 20210219154306.0 | ||
| 008 | 030304s1998 mx r 000 0 spa d | ||
| 020 | _a9505185723 | ||
| 035 | _aUPN01000122376 | ||
| 049 | _aC | ||
| 050 | 4 |
_aBF175 _bD5.38 |
|
| 245 | 0 | 0 |
_aDiccionario del psicoanálisis : _bdiccionario actual de los significantes, conceptos y matemas del psicoanálisis / _cdir. Rolan Chemama ; tr. Teodoro Pablo Lecman. |
| 260 |
_aBuenos Aires : _bAmorrortu, _c1998. |
||
| 300 |
_a481 p. : _bil. |
||
| 534 |
_pTraducción de: _tDictionnaire de la psychanalyse. Dictionnaire actuel des signiftantes, concepts et mathèmes de la psychanalyse |
||
| 650 | 4 |
_aPSICOANALISIS - _vDICCIONARIOS - _xESPAÑOL |
|
| 902 | _aGPR/cav | ||
| 905 | _aLibro | ||
| 999 |
_c94570 _d94570 |
||